• 首页
  • 本馆介绍
  • 公告通知
  • 最新文献
  • 馆藏检索
  • 电子资源
  • 读者导购
  • 参考咨询
  • 我的图书馆
  • 登录
  • 详细信息显示
  • 放入我的书架
  • 预约/预借图书
  • 作者相关作品
  • 分类相关作品
  • 丛书相关作品
  • 出版社相关作品

书目信息

  • 表格格式
  • 工作单格式
  • 卡片格式
题名:
机械设计基础
    
 
作者: 李秀珍 , 曲玉峰 主编
分册:  
出版信息: 北京   机械工业出版社  2004
页数: 252页
开本: 26cm
丛书名:
单 册:
中图分类: TH11
科图分类:
主题词: 机械学--高等学校--教材
电子资源:
ISBN: 7-111-06647-2
000 00661nam0 2200241 45
001 0197105630
005 20060929144752.96
010    @a7-111-06647-2@dCNY22.00
100    @a19970305d2004 y0chiy0120 ea
101 0  @achi
102    @aCN@b110000
105    @ay z 000yy
200 10 @a机械设计基础@Aji xie she ji ji chu@f李秀珍,曲玉峰主编
205    @a3版
210    @a北京@c机械工业出版社@d2004
215    @a252页@d26cm
300    @a高等学校机械设计系列教材
606    @a机械学@x高等学校@x教材
690    @aTH11@v3
701  0 @a李秀珍@Ali xiu zhen@4主编
701  0 @a曲玉峰@Aqu yu feng@4主编
801  0 @aCN@bTSSF@c20060929
905    @a10447@dTH11@e30=3
    
    机械设计基础/李秀珍,曲玉峰主编.-3版.-北京:机械工业出版社,2004
    252页;26cm
    高等学校机械设计系列教材
    
    ISBN 7-111-06647-2:CNY22.00
    
●
相关链接 在E读中查询图书 在五车中查询图书 在当当中查询图书 在豆瓣中查询图书


正题名:机械设计基础     索取号:TH11/30=3         预约/预借

序号 登录号 条形码 馆藏地/架位号 状态 备注
1 0484028   204840280   密集书库/ [索取号:TH11/30=3] 在馆    
2 0484029   204840299   密集书库/ [索取号:TH11/30=3] 在馆    
3 0484030   204840306   密集书库/ [索取号:TH11/30=3] 在馆    
4 0484031   204840315   密集书库/ [索取号:TH11/30=3] 在馆    
唐山师范学院图书馆 欢迎您!
大连网信软件有限公司© 版权所有